书目信息 |
| 题名: |
英文词汇梦工场
|
|
| 作者: | 季学斌 , 王简 编著 | |
| 分册: | ||
| 出版信息: | 天津 天津大学出版社 2022.05 |
|
| 页数: | 324页 | |
| 开本: | 26cm | |
| 丛书名: | 梦工场系列 | |
| 单 册: | ||
| 中图分类: | H313.1 | |
| 科图分类: | ||
| 主题词: | 英语--ying yu--词汇--自学参考资料 | |
| 电子资源: | ||
| ISBN: | 978-7-5618-7177-5 | |
| 000 | 01154nam 2200265 450 | |
| 001 | 27246 | |
| 005 | 20220921095955.00 | |
| 010 | @a978-7-5618-7177-5@dCNY66.00 | |
| 100 | @a20220815d2022 em y0chiy50 ea | |
| 101 | 0 | @achi@aeng |
| 102 | @aCN@b120000 | |
| 105 | @ay z 000yy | |
| 200 | 1 | @a英文词汇梦工场@Aying wen ci hui meng gong chang@d= English vocabulary dreamwork@f季学斌, 王简编著@zeng |
| 210 | @a天津@c天津大学出版社@d2022.05 | |
| 215 | @a324页@d26cm | |
| 225 | 2 | @a梦工场系列@Ameng gong chang xi lie |
| 330 | @a本书收录了英文常用词汇约6000个, 内容注重词汇拓展, 以及常用的搭配, 精选的例句语言表达地道, 和之前出版的《雅思口语梦工场》《雅思写作梦工场》《雅思阅读梦工场》可以形成一个系列丛书出版发行。本书选词恰当, 例句精练, 与市场上同类书不同的是, 本书中大部分例句出自历年各类考试习题。考生背诵本书单词, 能尽快适应考试, 取得较好成绩。 | |
| 410 | 0 | @12001 @a梦工场系列 |
| 510 | 1 | @aEnglish vocabulary dreamwork@zeng |
| 606 | 0 | @a英语@Aying yu@x词汇@j自学参考资料 |
| 690 | @aH313.1@v5 | |
| 701 | 0 | @a季学斌@Aji xue bin@4编著 |
| 701 | 0 | @a王简@Awang jian@4编著 |
| 801 | 0 | @aCN@c20220910 |
| 905 | @a河南城建学院图书馆@dH313.1@eJ181@f2 | |
| 英文词汇梦工场= English vocabulary dreamwork/季学斌, 王简编著.-天津:天津大学出版社,2022.05 |
| 324页;26cm.-(梦工场系列) |
| ISBN 978-7-5618-7177-5:CNY66.00 |
| 本书收录了英文常用词汇约6000个, 内容注重词汇拓展, 以及常用的搭配, 精选的例句语言表达地道, 和之前出版的《雅思口语梦工场》《雅思写作梦工场》《雅思阅读梦工场》可以形成一个系列丛书出版发行。本书选词恰当, 例句精练, 与市场上同类书不同的是, 本书中大部分例句出自历年各类考试习题。考生背诵本书单词, 能尽快适应考试, 取得较好成绩。 |
| ● |
| 相关链接 |
|
|
|
正题名:英文词汇梦工场
索取号:H313.1/J181
 
预约/预借
| 序号 | 登录号 | 条形码 | 馆藏地/架位号 | 状态 | 备注 |
| 1 | 1579151 | 215791515 | 语言库209/209语言库 32排4列2层/ [索取号:H313.1/J181] | 在馆 | |
| 2 | 1579152 | 215791524 | 语言库209/209语言库 32排4列2层/ [索取号:H313.1/J181] | 在馆 |